| 000 | 01025cam a2200301 i 4500 | ||
|---|---|---|---|
| 001 | 40687 | ||
| 003 | Mx-PuUPA | ||
| 005 | 20260327113801.0 | ||
| 008 | 140415s2023 sp gr 000 0 spa d | ||
| 017 | _aB. 7.646-2023 | ||
| 020 | _a9788413442419 | ||
| 040 |
_cMx-PuUPA _aMx-PuUPA _bspa _dMx-PuUPA _erda |
||
| 041 | 0 | _aspa | |
| 100 | 1 |
_aVillena, Alejandro, _eautor _917975 |
|
| 245 | 1 | 0 |
_a¿Por qué no? : _bcómo prevenir y ayudar en la adicción a la pornografía / _cAlejandro Villena Moya |
| 250 |
_aPrimera edición / _bmayo |
||
| 264 | 1 |
_aBarcelona, España : _bCentro de Libros PAPF, _c2023 |
|
| 300 |
_a218 páginas ; _c22 cm |
||
| 336 |
_2rdacontent _atexto _btxt |
||
| 337 |
_2rdamedia _asin medio _bn |
||
| 338 |
_2rdacarrier _avolumen _bnc |
||
| 650 | 7 |
_913986 _2armarc _aAdicción _xAspectos sociales |
|
| 650 | 7 |
_2armarc _aPornografía _xAspectos psicológicos |
|
| 650 | 7 |
_2armarc _aConducta compulsiva |
|
| 942 |
_2ddc _cLI _h306.771 _iV65 |
||
| 999 |
_c40687 _d40687 |
||